000 00464nam a2200169Ia 4500
003 GCL
008 140319s9999 xx 000 0 eng d
040 _aGCL /
_cGCL
082 0 4 _a658.404
_bB R
100 1 _aBURKE, RORY
245 1 0 _aPROJECT MANAGEMENT: PLANNING AND CONTROL, 2ND /
_cBURKE, RORY
260 _a[S.N] :
_bJOHN WILEY AND SONS. INC ،
_c1995
300 _a390 P
650 0 4 _aPROJECT MANAGEMENT
650 0 4 _aPLANNING - CONTROL
942 _2ddc
_cBK
999 _c23853
_d23853